| 000 | 00887cam a22002294a 4500 | ||
|---|---|---|---|
| 005 | 20160122145558.0 | ||
| 008 | 020418s2001 ck a b 000 0 spa | ||
| 020 | _a9583327441 | ||
| 040 |
_aDLC _cDLC _dCO-BoIAVH |
||
| 041 | _aspa | ||
| 042 | _apcc | ||
| 082 | 0 | 0 |
_a363.7/009861 _bV42g |
| 100 | 1 |
_aVega Mora, Leonel, _d1956- |
|
| 245 | 1 | 0 |
_aGestión ambiental sistemática : _bun nuevo enfoque funcional y organizacional para el fortalecimiento de la gestión ambiental publica empresarial y ciudadana en el ámbito estatal / _cLeonel Vega Mora. |
| 250 | _a1. ed. | ||
| 260 |
_a[Bogota] : _bLeonel Vega Mora, _c2001. |
||
| 300 |
_axxvi, 280 paginas. : _bilustraciones. ; _c24 cm. |
||
| 504 | _aIncludes bibliographical references (p. [263]-274). | ||
| 650 | 0 |
_aEnvironmental management _zColombia. |
|
| 650 | 0 |
_aGestión ambiental _yColombia |
|
| 942 |
_2ddc _cLIBRO |
||
| 999 |
_c4278 _d4278 |
||